LIBRARY & INFORMATION CENTRE, KCAET, TAVANUR

ONLINE PUBLIC ACCESS CATALOGUE (OPAC)

Preharvest and postharvest food safety: contemporary issues and future directions (Record no. 15696)

MARC details
000 -LEADER
fixed length control field 00539nam a22001697a 4500
003 - CONTROL NUMBER IDENTIFIER
control field OSt
008 - FIXED-LENGTH DATA ELEMENTS--GENERAL INFORMATION
fixed length control field 190528b ||||| |||| 00| 0 eng d
020 ## - INTERNATIONAL STANDARD BOOK NUMBER
ISBN 9788126560479
082 ## - DEWEY DECIMAL CLASSIFICATION NUMBER
Classification number 664
Item number BEI/PR
245 ## - TITLE STATEMENT
Title Preharvest and postharvest food safety: contemporary issues and future directions
260 ## - PUBLICATION, DISTRIBUTION, ETC. (IMPRINT)
Place of publication New Delhi
Name of publisher Blackwell Publishing and the Institute of Food Technologists
Year of publication 2016
300 ## - PHYSICAL DESCRIPTION
Number of Pages 455 p.
700 ## - ADDED ENTRY--PERSONAL NAME
Personal name Beier, Ross C.
700 ## - ADDED ENTRY--PERSONAL NAME
Personal name Pillai, Suresh D.
700 ## - ADDED ENTRY--PERSONAL NAME
Personal name Phillips, Timothy D.
942 ## - ADDED ENTRY ELEMENTS (KOHA)
Koha item type Books
Holdings
Withdrawn status Lost status Damaged status Collection code Home library Current library Shelving location Date acquired Full call number Accession Number Koha item type
      Non-fiction KAUAET KAUAET General Stacks 28/05/2019 664 BEI/PR 25907 Books
free website counter